Legal skills : a practical guide for student
Designed specifically for law students and new legal practitioners, this book assists in developing a range of fundamental lawyering skills and an understanding of the ethical and professional responsibilities that lawyers owe to clients, to the court and to other parties.
Saved in:
| Main Author: | |
|---|---|
| Format: | Book |
| Language: | Undetermined |
| Published: |
Pyrmont, N.S.W.
Lawbook Co.
2006
|
| Subjects: | |
| Tags: |
Add Tag
No Tags, Be the first to tag this record!
|
| Institutions: | Trung tâm Học liệu Trường Đại học Cần Thơ |
|---|
| LEADER | 00890nam a2200217Ia 4500 | ||
|---|---|---|---|
| 001 | CTU_229483 | ||
| 008 | 210402s9999 xx 000 0 und d | ||
| 082 | |a 347.05040994 | ||
| 082 | |b W867 | ||
| 100 | |a Wolski, Bobette | ||
| 245 | 0 | |a Legal skills : | |
| 245 | 2 | |b a practical guide for student | |
| 245 | 0 | |c Bobette Wolski with David Field and John Bahrij | |
| 260 | |a Pyrmont, N.S.W. | ||
| 260 | |b Lawbook Co. | ||
| 260 | |c 2006 | ||
| 520 | |a Designed specifically for law students and new legal practitioners, this book assists in developing a range of fundamental lawyering skills and an understanding of the ethical and professional responsibilities that lawyers owe to clients, to the court and to other parties. | ||
| 650 | |a Thực hành luật,Practice of law | ||
| 650 | |z Úc,Australia | ||
| 910 | |b vdbang | ||
| 980 | |a Trung tâm Học liệu Trường Đại học Cần Thơ | ||